000 00748nam a2200217Ia 4500
999 _c36943
_d36943
001 2894
003 GE_BSU
005 20221102110436.0
008 181216s1996ru xx |||||||||||||| ||rus||
020 _a5878110164
040 _cGE_BSU
041 _arus
080 _a33(031)+368 Е-91
245 _aЭнциклопедический словарь:
_bЭкономика и страхование /
_cТ.И. Дробны
264 _aМосква
_bЦерих-Пэл,
_c1996.
300 _a528 с.:
653 _aЭнциклопедический словарь
653 _aენციკლოპედიური ლექსიკონი
700 _a Дробны, Т.И.
_eრედაქტორი
_915720
942 _cBK
_2udc